Statystyki dla Puchar Świata - klasyfikacja generalna za sezon 2005/06

Kliknij tutaj aby rozwiązać quiz!

Ogólne statystyki

  • Ten quiz został rozwiązany 28 razy
  • Średni wynik to 49 z 86

Statystyki odpowiedzi

MiejsceSkoczekNarodowoscPkt% Poprawnych
9.Adam MałyszPolans634
96%
1.Jakub JandaCzechy1151
96%
2.Janne AhonenFinlandia1024
96%
17.Simon AmmannSzwajcaria305
96%
39.Martin SchmittNiemcy64
88%
21.Noriaki KasaiJaponia249
88%
19.Daiki ItoJaponia267
84%
Kamil StochPolska41
84%
16.Robert KranjecSłowenia327
84%
7.Andreas KoflerAustria699
80%
3.Andreas KuttelSzwajcaria980
80%
6.Bjoern Einar RomoerenNorwegia757
80%
Stephan HockeNiemcy2
80%
12.Takanobu OkabeJaponia500
80%
5.Thomas MorgensternAustria846
80%
27.Anders BardalNorwegia161
76%
34.Jan MaturaCzechy121
76%
8.Michael UhrmannNiemcy681
76%
38.Sebastian ColloredoWłochy81
76%
54.Stefan HulaPolska19
76%
29.Wolfgang LoitzlAustria156
76%
36.Harri OlliFinlandia90
72%
15.Martin KochAustria38e
72%
11.Matti HautamaekiFinlans563
72%
51.Piotr ŻyłaPolska23
72%
Robert MatejaPolska4
72%
22.Dimitriy VassilievRosja240
68%
14.Janne HapponenFinlandia484
68%
25.Jernej DamjanSłowenia172
68%
24.Michael NeumayerNiemcy205
68%
32.Primoz PeterkaSłowenia151
68%
26.Rok BenkovicSłowenia164
68%
35.Sigurd PettersenNorwegia118
68%
63.Andrea MorassiWłochy11
64%
10.Andreas WidhoelzlAustria594
64%
76.Antonin HajekCzechy5
64%
45.Denis KornilovRosja41
64%
13.Lars BystoelNorwegia495
64%
Manuel FettnerAustria50
64%
Risto JussilainenFinlandia155
64%
4.Roar LjoekelsoeyNorwegia875
64%
20.Tami KiuruFinlandia265
64%
18.Georg SpathNiemcy282
60%
Gregor SchlierenzauerAustria7
60%
Jan MazochCzechy5
60%
60.Rafał ŚliżPolska15
60%
62.Tom HildeNorwegia12
60%
28.Alexander HerrNiemcy158
56%
33.Henning StensrudNorwegia145
56%
40.Martin HoellwarthAustria59
56%
42.Michael MoellingerSzwajcaria50
56%
Primoz PiklSłowenia18
56%
79.Rok UrbancSłowenia4
56%
Emmanuel ChedalFrancja9
52%
75.Radik ZhaparovKazachstan6
52%
23.Tommy IngebrigtsenNorwegia208
52%
37.Daniel ForfangNorwegia82
48%
Yuta WataseJaponia1
48%
Alan AlbornStany Zjednoczone5
44%
82.Borek SedlakCzechy2
44%
David LazzaroniFrancja18
44%
71.Dimitry IpatovRosja8
44%
49.Kazuya YoshiokaJaponia29
44%
Hideharu MiyahiraJaponia15
40%
Hyun-Ki KimKorea Południowa10
40%
59.Jens SalumaeEstonia16
40%
Jure SinkovecSłowenia10
40%
41.Reinhard SchwarzenbergerAustria57
36%
65.Stefan ReadKanada10
36%
Bine ZupanSłowenia11
32%
47.Guido LandertSzwajcaria40
32%
Martin MesikSłowacja2
32%
52.Morten SolemNorwegia22
32%
Ondrej VaculikCzechy4
32%
30.Joonas IkonenFinlandia155
28%
56.Jorg RitzerfeldNiemcy18
28%
Balthasar SchneiderAustria9
24%
73.Hiroki YamadaJaponia7
24%
44.Yukio SakanoJaponia42
24%
85.Daniel LacknerAustria1
20%
Ivan KaraulovKazachstan19
20%
Jure RadeljSłowenia8
20%
68.Julian MusiolNiemcy9
16%
53.Kimmo YliriestoFinlandia20
16%
48.Tsuyoshi IchinoheJaponia34
12%
50.Shingo UenoJaponia26
4%

Rozkład punktacji

Percentyl według liczby udzielonych odpowiedzi

Procent ludzi z każdym wynikiem

Twoja historia wyników

Nie rozwiązałeś tego quizu